Creating a public (Record no. 1664)
[ view plain ]
| 000 -LEADER | |
|---|---|
| fixed length control field | 01480nam a2200349 a 4500 |
| 082 04 - DEWEY DECIMAL CLASSIFICATION NUMBER | |
| Classification number | 079/.52/0934 |
| 100 1# - MAIN ENTRY--AUTHOR NAME | |
| Personal name | Huffman, James L., |
| 245 10 - TITLE STATEMENT | |
| Title | Creating a public |
| 260 ## - PUBLICATION, DISTRIBUTION, ETC. (IMPRINT) | |
| Place of publication | Honolulu, Hawaii : |
| Name of publisher | University of Hawai'i Press, |
| Year of publication | c1997. |
| 300 ## - PHYSICAL DESCRIPTION | |
| Number of Pages | x, 573 p. : |
| Other physical details | ill. |
| 650 #0 - SUBJECT ADDED ENTRY--TOPICAL TERM | |
| Topical Term | Press |
| Topical Term | Press and politics |
| Topical Term | Journalism |
| Topical Term | Public interest |
| 856 40 - ELECTRONIC LOCATION AND ACCESS | |
| Uniform Resource Identifier | http://site.ebrary.com/lib/rucke/Doc?id=5001966 |
No items available.
